| 000 | 00715nam a2200121Ia 4500 | ||
|---|---|---|---|
| 008 | 220621s9999||||xx |||||||||||||| ||und|| | ||
| 245 | 0 |
_aAgile Processes in Software Engineering and Extreme Programming – Workshops _bXP 2021 Workshops, Virtual Event, June 14–18, 2021, Revised Selected Papers |
|
| 546 | _aEnglish[eng] | ||
| 650 | _aopen access||Agile software development||Extreme programming||SaaS - Software as a Service||Software maintenance||Software platforms||Software management||Software development techniques||Microservices||XP||Hackathons | ||
| 700 | _aGregory, Peggy||Kruchten, Philippe | ||
| 856 | _uhttps://library.oapen.org/bitstream/20.500.12657/51478/1/9783030885830.pdf | ||
| 942 | _cEB | ||
| 999 |
_c36243 _d36243 |
||